Del dicho al hecho: selección de los dichos españoles más comunes en el habla cotidiana, con la explicación de su origen y su aplicación actual, complementada con una lista de los más frecuentes modismos, proverbios, refranes, locuciones y frases hechas

Salvato in:
Dettagli Bibliografici
Autore principale: Giménez, Esteban (Autore)
Natura: Libro
Lingua:spagnolo
Pubblicazione: Buenos Aires San Pablo 1998
Serie:Colección Comunicarte
Soggetti:
Tags: Aggiungi Tag
Nessun Tag, puoi essere il primo ad aggiungerne!!

MARC

LEADER 00000nam a2200000 a 4500
001 UCK0792
003 CL-VaPUC
008 041022e19980000AG |||||||||||||||||spa|d
020 |a 9508613483 
082 0 4 |a 808.882  |b GIM  |2 21 
100 0 |a Giménez, Esteban  |e author  |9 488686 
245 1 0 |a Del dicho al hecho: selección de los dichos españoles más comunes en el habla cotidiana, con la explicación de su origen y su aplicación actual, complementada con una lista de los más frecuentes modismos, proverbios, refranes, locuciones y frases hechas 
300 |a 190 p 
942 |c BK 
945 |d 20041022 00:00:00  |a cmena 
260 |a Buenos Aires  |b San Pablo  |c 1998 
650 7 |a REFRANES  |2 CL-VaPUC  |9 373405 
650 7 |a MODISMOS  |2 CL-VaPUC  |9 416810 
650 0 |a Idioma español  |9 309143 
650 0 |a Proverbios   |9 269154 
583 |a last modification  |c 20041022 00:00:00  |k Rodrigo Vera 
490 0 |a Colección Comunicarte 
999 |c 311056  |d 311054 
952 |0 0  |1 0  |4 0  |6 808_882000000000000_GIM_1998  |7 0  |8 A  |9 380259  |a BIBEDU  |b BIBEDU  |d 2019-11-21  |i 4059549  |o 808.882 GIM 1998  |p 4059549  |r 2019-11-21  |w 2019-11-21  |y BK  |k CIT